[Event "International Tournament"]
[Site "Pool "]
[Date "2022.07.09"]
[Round "3.39"]
[White "Sredojevic, Ivan"]
[Black "Kairbekova, Amina"]
[Result "0-1"]
[WhiteElo "2254"]
[BlackElo "2133"]
[PlyCount "80"]
[EventDate "2022.07.08"]

1. Nf3 Nf6 2. g3 g6 3. b3 Bg7 4. Bb2 O-O 5. Bg2 d6 6. d4 c5 7. O-O cxd4 8. Nxd4
d5 9. c4 e5 10. Nf3 e4 11. Nd4 dxc4 12. bxc4 Nc6 13. Nxc6 bxc6 14. Qa4 Qb6 15.
Bc3 Bg4 16. e3 Be2 17. Re1 Bd3 18. Nd2 Rfe8 19. Nb3 Nd7 20. Bxg7 Kxg7 21. c5
Qc7 22. Rac1 Ne5 23. Bxe4 Rad8 24. Bg2 Bb5 25. Qf4 Qc8 26. Be4 Qh3 27. Rc2 Ng4
28. f3 Ne5 29. Rd2 Rxd2 30. Nxd2 f6 31. Bc2 g5 32. Qd4 Re7 33. Be4 Rd7 34. Qc3
Bd3 35. Bxc6 Nxc6 36. f4 gxf4 37. exf4 Qf5 38. Nf3 Qd5 39. Re3 Bf5 40. Nh4 Bg4
0-1

[Event "International Tournament"]
[Site "Pool "]
[Date "2022.07.09"]
[Round "3.40"]
[White "Baasansuren, Erdene"]
[Black "Bhattacharyya, Soham"]
[Result "0-1"]
[WhiteElo "2243"]
[BlackElo "2099"]
[PlyCount "114"]
[EventDate "2022.07.08"]

1. Nf3 Nf6 2. c4 g6 3. b3 Bg7 4. Bb2 O-O 5. g3 d6 6. d4 e5 7. dxe5 Nfd7 8. Bg2
dxe5 9. Nc3 e4 10. Nd4 Re8 11. O-O f5 12. Qd2 Ne5 13. Rad1 c6 14. f3 Nd3 15.
Nxf5 gxf5 16. exd3 Bd4+ 17. Kh1 e3 18. Qc2 Qf6 19. Rde1 Na6 20. a3 Bd7 21. f4
e2 22. Rf3 Re7 23. Na4 c5 24. Bxd4 cxd4 25. Nb2 Be8 26. g4 fxg4 27. Rg3 Qxf4
28. Be4 Bc6 29. Qxe2 h5 30. Qg2 Rae8 31. Rf1 Bxe4 32. Rxf4 Bxg2+ 33. Kxg2 Re2+
34. Rf2 Rxf2+ 35. Kxf2 Rf8+ 36. Kg2 Rf4 37. h3 Kg7 38. hxg4 hxg4 39. Nd1 Kg6
40. Nf2 Kh5 41. Ne4 Kh4 42. b4 Nb8 43. Nc5 Nc6 44. Nxb7 Ne5 45. Nc5 Nf3 46. Ne4
Ne1+ 47. Kh2 Rxe4 48. dxe4 d3 49. Rxd3 Nxd3 50. c5 g3+ 51. Kg1 Ne5 52. Kg2 Kg4
53. b5 Nd3 54. c6 Nf4+ 55. Kh1 g2+ 56. Kh2 Kf3 57. c7 Kf2 0-1

[Event "International Tournament"]
[Site "Pool "]
[Date "2022.07.09"]
[Round "3.41"]
[White "Al Atarji, Sami"]
[Black "Ristic, Luka"]
[Result "0-1"]
[WhiteElo "2128"]
[BlackElo "2243"]
[PlyCount "34"]
[EventDate "2022.07.08"]

1. e4 g6 2. Nc3 Bg7 3. Bc4 c6 4. d3 d5 5. exd5 b5 6. Bb3 b4 7. Ne4 cxd5 8. Qf3
Nc6 9. Ng3 Nf6 10. h3 O-O 11. N1e2 a5 12. a4 bxa3 13. Rxa3 Qb6 14. O-O Bd7 15.
Rd1 Nb4 16. Nc3 Bc6 17. Qe3 d4 0-1

[Event "International Tournament"]
[Site "Pool "]
[Date "2022.07.09"]
[Round "3.42"]
[White "Cilek, Bora"]
[Black "Micic, Aleksa"]
[Result "1-0"]
[WhiteElo "2238"]
[BlackElo "2092"]
[PlyCount "95"]
[EventDate "2022.07.08"]

1. Nf3 Nf6 2. g3 g6 3. Bg2 Bg7 4. O-O O-O 5. c4 c6 6. d4 d5 7. cxd5 cxd5 8. Nc3
Ne4 9. Ne5 Bf5 10. Nxe4 dxe4 11. Qb3 Nc6 12. Nxc6 bxc6 13. Rd1 Qd5 14. Bf4 Rfd8
15. e3 Qxb3 16. axb3 c5 17. dxc5 e5 18. Rxd8+ Rxd8 19. g4 Bxg4 20. Bg3 f5 21.
h3 Rd1+ 22. Rxd1 Bxd1 23. c6 Bxb3 24. Bf1 Be6 25. Ba6 h6 26. c7 Kf8 27. c8=Q+
Bxc8 28. Bxc8 Ke7 29. b3 Kf6 30. Kg2 g5 31. f3 exf3+ 32. Kxf3 e4+ 33. Ke2 Bf8
34. h4 Bb4 35. h5 a5 36. Bc7 Bc3 37. Bd8+ Ke5 38. Bc7+ Kf6 39. Bb6 f4 40. Bd8+
Kf7 41. Bf5 fxe3 42. Kxe3 Ke8 43. Bb6 Ke7 44. Kxe4 Bd2 45. Bd4 Kf7 46. Bg4 Be1
47. Kf5 Bc3 48. Bxc3 1-0

[Event "International Tournament"]
[Site "Pool "]
[Date "2022.07.09"]
[Round "3.43"]
[White "Akin, Yagiz Cinar"]
[Black "Konyves, Almos"]
[Result "1-0"]
[WhiteElo "2125"]
[BlackElo "2229"]
[PlyCount "67"]
[EventDate "2022.07.08"]

1. d4 Nf6 2. c4 e6 3. Nf3 d5 4. Nc3 Be7 5. Bg5 h6 6. Bh4 O-O 7. e3 Nbd7 8. Bd3
dxc4 9. Bxc4 a6 10. a4 b6 11. O-O Bb7 12. Qe2 c5 13. Rfd1 Ne4 14. Nxe4 Bxh4 15.
dxc5 Bxe4 16. Nxh4 Qxh4 17. Rxd7 Qg5 18. f3 Bc6 19. Rdd1 bxc5 20. e4 Rfd8 21.
b3 a5 22. Qf2 Bb7 23. Qg3 Rxd1+ 24. Rxd1 Rd8 25. Rxd8+ Qxd8 26. Qe5 Qd1+ 27.
Kf2 Qd2+ 28. Kg3 Qe1+ 29. Kh3 Kh7 30. Qc7 Ba8 31. Qxf7 Qc3 32. Qxe6 Qf6 33.
Qg8+ Kg6 34. Qxa8 1-0

[Event "International Tournament"]
[Site "Pool "]
[Date "2022.07.09"]
[Round "3.44"]
[White "Mitev, Valentin"]
[Black "Koudounis, Vasileios"]
[Result "1-0"]
[WhiteElo "2228"]
[BlackElo "2018"]
[PlyCount "141"]
[EventDate "2022.07.08"]

1. d4 d5 2. c4 c6 3. Nc3 Nf6 4. e3 e6 5. Nf3 Nbd7 6. Bd3 dxc4 7. Bxc4 b5 8. Bd3
Bd6 9. O-O O-O 10. a4 b4 11. Ne4 Nxe4 12. Bxe4 Bb7 13. b3 Nf6 14. Bd3 c5 15.
Bb2 cxd4 16. Nxd4 Rc8 17. Qe2 Nd5 18. Rfd1 Qg5 19. Nf3 Qh6 20. h3 Bb8 21. Rac1
Rfd8 22. Ba6 Rxc1 23. Rxc1 Ba8 24. Rd1 Rf8 25. Bc4 Qg6 26. Bd3 f5 27. Rc1 Rd8
28. Bb5 f4 29. Bd3 Qh5 30. e4 Nf6 31. Bxf6 gxf6 32. Bc4 Qf7 33. Rd1 Rxd1+ 34.
Qxd1 Bc7 35. Nd4 Kh8 36. Bxe6 Qe7 37. Qg4 Qg7 38. Qxg7+ Kxg7 39. Bd5 Bxd5 40.
exd5 Bb6 41. Nc6 Kf7 42. Kf1 Ke8 43. Nxb4 Kd7 44. Nd3 f3 45. g4 Kd6 46. Ne1
Kxd5 47. Nxf3 Kc5 48. Ke2 Kb4 49. Nd2 Bd4 50. f4 Bc3 51. Kd3 Bb2 52. Kc2 Bd4
53. f5 h6 54. Nc4 Kc5 55. Kd3 Ba1 56. Ne3 Be5 57. Nc2 a5 58. Ne3 Bg3 59. Nc4
Be1 60. Nd2 Kb4 61. Ne4 Kxb3 62. Nxf6 Kxa4 63. Nd5 Kb3 64. f6 Bg3 65. Nb6 a4
66. Nxa4 Kxa4 67. Ke4 Bd6 68. Kf5 Kb5 69. Kg6 Bf8 70. Kf7 Ba3 71. h4 1-0

[Event "International Tournament"]
[Site "Pool "]
[Date "2022.07.09"]
[Round "3.45"]
[White "Borgaonkar, Akshay"]
[Black "Toncheva, Nadya"]
[Result "1/2-1/2"]
[WhiteElo "2122"]
[BlackElo "2228"]
[PlyCount "68"]
[EventDate "2022.07.08"]

1. e4 c5 2. Nf3 e6 3. d4 cxd4 4. Nxd4 Nc6 5. Nc3 Qc7 6. Be3 a6 7. g4 b5 8. Nxc6
Qxc6 9. Qd2 b4 10. Ne2 Qxe4 11. Rg1 Qc4 12. Ng3 Qc7 13. O-O-O Nf6 14. Nh5 Nxh5
15. gxh5 Bb7 16. f4 O-O-O 17. Qd4 d5 18. Kb1 Rg8 19. Bh3 f5 20. Bf2 Bd6 21.
Rge1 Qf7 22. Bf1 Rge8 23. c3 b3 24. axb3 Qc7 25. Qa4 Bxf4 26. Bxa6 e5 27. Bh4
Bxa6 28. Bxd8 Rxd8 29. Qxa6+ Qb7 30. Qe6+ Qd7 31. Rxe5 Bxe5 32. Qxe5 g6 33.
hxg6 hxg6 34. Qd4 Qe7 1/2-1/2

[Event "International Tournament"]
[Site "Pool "]
[Date "2022.07.09"]
[Round "3.46"]
[White "Durak, Can"]
[Black "Gusev, Mikhail"]
[Result "1-0"]
[WhiteElo "2221"]
[BlackElo "2010"]
[PlyCount "35"]
[EventDate "2022.07.08"]

1. d4 Nf6 2. c4 e6 3. Nc3 Bb4 4. e3 O-O 5. Bd2 c6 6. Bd3 d5 7. Nf3 Nbd7 8. O-O
b6 9. Nxd5 Nxd5 10. cxd5 Bxd2 11. dxe6 Bb4 12. exd7 Bxd7 13. Rc1 Re8 14. Ne5
Bd6 15. Bxh7+ Kf8 16. Nxd7+ Qxd7 17. Qf3 c5 18. Be4 1-0

[Event "International Tournament"]
[Site "Pool "]
[Date "2022.07.09"]
[Round "3.47"]
[White "Kolbert, Engelbert"]
[Black "Chitlange, Sakshi"]
[Result "0-1"]
[WhiteElo "2084"]
[BlackElo "2216"]
[PlyCount "52"]
[EventDate "2022.07.08"]

1. Nf3 d5 2. g3 Nf6 3. Bg2 e6 4. O-O Be7 5. b3 O-O 6. Bb2 c5 7. d4 Nc6 8. c4
dxc4 9. bxc4 cxd4 10. Nxd4 Na5 11. Nd2 Bd7 12. e4 Be8 13. Qe2 Ba4 14. N4b3 Nd7
15. Bc3 Nc6 16. f4 e5 17. Nf3 Qc7 18. Qb2 b6 19. f5 Nc5 20. Nh4 Rfd8 21. Nxc5
Bxc5+ 22. Kh1 Rd3 23. Rae1 Rad8 24. Nf3 Qe7 25. Qa1 Qb7 26. g4 h6 0-1

[Event "International Tournament"]
[Site "Pool "]
[Date "2022.07.09"]
[Round "3.48"]
[White "Thrish, Karthik"]
[Black "Saurabh, Anand"]
[Result "0-1"]
[WhiteElo "2055"]
[BlackElo "2215"]
[PlyCount "68"]
[EventDate "2022.07.08"]

1. e4 c5 2. Nf3 d6 3. b3 Nf6 4. d3 g6 5. Bb2 Bg7 6. g3 O-O 7. Bg2 Nc6 8. O-O e5
9. Nbd2 Ne8 10. Nh4 Be6 11. Qe1 Qd7 12. f4 exf4 13. Bxg7 Nxg7 14. gxf4 f5 15.
c3 Rae8 16. Qe3 fxe4 17. dxe4 Nh5 18. f5 Bxf5 19. Nxf5 Rxf5 20. Rxf5 Qxf5 21.
exf5 Rxe3 22. Rf1 Rxc3 23. f6 Rd3 24. f7+ Kf8 25. Nf3 Rd5 26. Bh3 Nd4 27. Nxd4
Rxd4 28. Be6 Nf4 29. Bc8 b6 30. Kf2 Kxf7 31. Ke3 g5 32. h4 h6 33. Rg1 Rd3+ 34.
Ke4 Kf6 0-1

[Event "International Tournament"]
[Site "Pool "]
[Date "2022.07.09"]
[Round "3.49"]
[White "Kecskemeti, Arpad"]
[Black "Vujcic, Milena"]
[Result "1-0"]
[WhiteElo "2210"]
[BlackElo "1987"]
[PlyCount "79"]
[EventDate "2022.07.08"]

1. e4 e5 2. Nf3 Nc6 3. d4 exd4 4. Nxd4 Bc5 5. Nb3 Bb6 6. Nc3 Nf6 7. Qe2 d6 8.
Be3 Qe7 9. f3 Be6 10. O-O-O O-O-O 11. Bxb6 axb6 12. Nd4 Nxd4 13. Rxd4 Kb8 14.
Qe3 c5 15. Rd2 Bd7 16. Bc4 Bc6 17. Rhd1 Kc7 18. Qf4 h6 19. h4 Rhg8 20. h5 Rgf8
21. Qh2 Rd7 22. g4 Ra8 23. Kb1 Ra5 24. a4 Ra8 25. b3 Rf8 26. Qg3 Re8 27. Nb5+
Bxb5 28. Bxb5 Rdd8 29. Bxe8 Nxe8 30. e5 Kc6 31. f4 d5 32. Rxd5 Rxd5 33. Qf3 Nc7
34. c4 Qe6 35. cxd5+ Nxd5 36. Qe4 f6 37. Ka1 fxe5 38. fxe5 Qf7 39. e6 Qf6+ 40.
Kb1 1-0

[Event "International Tournament"]
[Site "Pool "]
[Date "2022.07.09"]
[Round "3.50"]
[White "Gkavardinas, Antonios"]
[Black "Triantos, Konstantinos"]
[Result "1-0"]
[WhiteElo "2010"]
[BlackElo "2210"]
[PlyCount "57"]
[EventDate "2022.07.08"]

1. e4 c5 2. Nf3 d6 3. d4 cxd4 4. Nxd4 Nf6 5. f3 Nc6 6. c4 g6 7. Be3 Bg7 8. Nc3
O-O 9. Qd2 Nxd4 10. Bxd4 Be6 11. Be2 a6 12. Nd5 Bxd5 13. cxd5 Nd7 14. Be3 f5
15. O-O Nc5 16. exf5 Rxf5 17. Rac1 Nd7 18. f4 Kh8 19. Bg4 Rf8 20. b4 Nf6 21.
Be6 a5 22. a3 axb4 23. axb4 Qe8 24. Rc7 Qb5 25. Rxe7 Ra4 26. f5 Ne4 27. Qc2
Rxb4 28. Rxg7 Rc4 29. Rxb7 1-0

[Event "International Tournament "]
[Site "Pool "]
[Date "2022.07.09"]
[Round "3.51"]
[White "Doraszelski, Alexander"]
[Black "Sanket, Chakravarty"]
[Result "0-1"]
[WhiteElo "1946"]
[BlackElo "2209"]
[PlyCount "132"]
[EventDate "2022.07.08"]

1. e4 c5 2. Nc3 Nc6 3. Bb5 Nd4 4. Nf3 a6 5. Bd3 g6 6. Nxd4 cxd4 7. Ne2 d5 8. c3
dxc3 9. Qa4+ Qd7 10. Qxd7+ Bxd7 11. dxc3 Bc6 12. exd5 Bxd5 13. O-O Bg7 14. Be3
Nf6 15. Bc2 O-O 16. Rfd1 e6 17. Bd4 Rac8 18. Bb3 Bc6 19. Be5 Rfd8 20. Nd4 Bd5
21. Ne2 Bxb3 22. axb3 Ne4 23. Bxg7 Kxg7 24. Nd4 e5 25. Nf3 f6 26. b4 Kf7 27.
Kf1 h5 28. Ke2 Ke6 29. Ne1 Ke7 30. Nd3 Rd5 31. f3 Nd6 32. Nc5 Rxd1 33. Rxd1 Rc7
34. Kd3 a5 35. Ra1 axb4 36. cxb4 b6 37. Na6 Rc4 38. Nb8 Ke6 39. Ra6 Rxb4 40.
Kc3 Rh4 41. h3 Rc4+ 42. Kb3 Rc1 43. Rxb6 Rg1 44. Na6 Rxg2 45. Nc7+ Kd7 46. Nd5
f5 47. Nf6+ Ke7 48. Nd5+ Ke6 49. Ne3 Rd2 50. Nc4 Rd4 51. Na5 Kd5 52. Kc3 Rf4
53. b4 Rxf3+ 54. Kc2 Rxh3 55. b5 g5 56. Rb8 g4 57. Rd8 g3 58. Nb7 g2 59. Rxd6+
Ke4 60. Nc5+ Kf3 61. Rd1 Rh1 62. Rd3+ Kg4 63. Rd8 g1=Q 64. Rg8+ Kf3 65. Rxg1
Rxg1 66. b6 Rg8 0-1

[Event "International Tournament "]
[Site "Pool "]
[Date "2022.07.09"]
[Round "3.52"]
[White "Tenuunbold, Battulga"]
[Black "Veselov, Yaroslav"]
[Result "1-0"]
[WhiteElo "1893"]
[BlackElo "2206"]
[PlyCount "71"]
[EventDate "2022.07.08"]

1. d4 Nf6 2. c4 e6 3. g3 c6 4. Nf3 d5 5. Qc2 Be7 6. Nbd2 O-O 7. Bg2 b6 8. O-O
c5 9. cxd5 exd5 10. dxc5 bxc5 11. Nb3 Na6 12. Bg5 Nb4 13. Qc1 Bf5 14. Nh4 Be4
15. Bxf6 Bxf6 16. Bxe4 dxe4 17. Qxc5 Qb6 18. Nf5 Bxb2 19. Rab1 Bf6 20. Qc4 Qe6
21. Nh6+ gxh6 22. Qxb4 e3 23. f3 Rab8 24. Qa4 Qe5 25. Rfc1 Qb5 26. Qg4+ Qg5 27.
Qh3 Rfd8 28. Rc4 h5 29. Rbc1 Rd5 30. Nc5 Rb2 31. Ne4 Qf5 32. g4 Qf4 33. gxh5
Rxe2 34. Nxf6+ Qxf6 35. Rc8+ Kg7 36. h6+ 1-0

[Event "International Tournament "]
[Site "Pool "]
[Date "2022.07.09"]
[Round "3.53"]
[White "Anirudh, Daga"]
[Black "Radojicic, Aleksandar M"]
[Result "0-1"]
[WhiteElo "1878"]
[BlackElo "2188"]
[PlyCount "94"]
[EventDate "2022.07.08"]

1. e4 c5 2. Nf3 e6 3. b3 b6 4. d4 cxd4 5. Nxd4 Qf6 6. Bb2 Bc5 7. Be2 Nc6 8. c3
Nge7 9. O-O O-O 10. Qd2 Qg6 11. b4 Bxd4 12. cxd4 Qxe4 13. Bf3 Qf5 14. Re1 d5
15. Na3 Ng6 16. Rac1 Bd7 17. b5 Nce7 18. Rc7 Rfd8 19. Re3 Qf4 20. Rc1 Rac8 21.
Rd1 Nf5 22. Rd3 Qd6 23. Rb3 Qe7 24. Nc2 Qf6 25. Be2 Nd6 26. Rf3 Ne4 27. Qc1 Qe7
28. a4 Rc7 29. Ba3 Qe8 30. Qb2 Rdc8 31. Nb4 Nc3 32. Re1 Nxa4 33. Qd2 Bxb5 34.
Bd1 Qd7 35. Rg3 Nc3 36. Bc2 a5 37. Bxg6 hxg6 38. Nd3 Ne4 39. Rxe4 dxe4 40. Ne5
Qd5 41. h3 Rd8 42. Qb2 Be8 43. Qxb6 Rb7 44. Qa6 Rb1+ 45. Kh2 Qxd4 46. Qxa5 Rb5
47. Qc7 Rxe5 0-1

[Event "International Tournament "]
[Site "Pool "]
[Date "2022.07.09"]
[Round "3.54"]
[White "Tamhankar, Siddhant"]
[Black "Gokcek, Kursat Bugra"]
[Result "1-0"]
[WhiteElo "1811"]
[BlackElo "2185"]
[PlyCount "97"]
[EventDate "2022.07.08"]

1. e4 c5 2. Nf3 e6 3. d4 cxd4 4. Nxd4 Nc6 5. Nc3 Qc7 6. Be3 a6 7. Qd2 Nf6 8.
O-O-O Be7 9. f3 b5 10. Kb1 O-O 11. g4 Nxd4 12. Bxd4 Bb7 13. Bd3 b4 14. Na4 d5
15. Nb6 Rad8 16. e5 Ne4 17. Qe1 Nc5 18. Bxc5 Qxc5 19. Na4 Qa7 20. f4 Bc6 21. b3
Bxa4 22. bxa4 Rfe8 23. Qg3 Rb8 24. f5 Bg5 25. h4 Be3 26. Rhf1 Bd4 27. f6 g6 28.
h5 g5 29. Bxh7+ Kxh7 30. Qd3+ Kg8 31. Qxd4 Qxd4 32. Rxd4 a5 33. Rf3 Rec8 34.
Rb3 Rc4 35. Rxc4 dxc4 36. Re3 Rd8 37. Re4 c3 38. a3 bxa3 39. Ka2 Rd2 40. Kxa3
Rxc2 41. Kb3 Rd2 42. Kxc3 Rd5 43. Rd4 Rxe5 44. Rd8+ Kh7 45. Rf8 Re2 46. Rxf7+
Kg8 47. Rg7+ Kf8 48. h6 Re3+ 49. Kd2 1-0

[Event "International Tournament "]
[Site "Pool "]
[Date "2022.07.09"]
[Round "3.55"]
[White "Granovskiy, Alexandr"]
[Black "Watarkar, Yash"]
[Result "1-0"]
[WhiteElo "2177"]
[BlackElo "1792"]
[PlyCount "113"]
[EventDate "2022.07.08"]

1. d4 Nf6 2. c4 e6 3. Nc3 Bb4 4. a3 Bxc3+ 5. bxc3 d6 6. f3 O-O 7. e4 e5 8. Bd3
c5 9. Ne2 Nc6 10. Bg5 Qe7 11. d5 Nb8 12. Qd2 Nbd7 13. Ng3 Re8 14. Nf5 Qf8 15.
g4 h6 16. Nxh6+ Kh7 17. Nf5 Ng8 18. Qg2 f6 19. Qh3+ Nh6 20. Bxh6 gxh6 21. O-O
Nb6 22. Kh1 Bxf5 23. gxf5 Qf7 24. Rg1 Rg8 25. Rg6 Qf8 26. Rb1 Rxg6 27. fxg6+
Kg7 28. a4 Rb8 29. a5 Nc8 30. Qd7+ Qe7 31. Qg4 Qe8 32. Bf1 Qxg6 33. Qd7+ Qf7
34. Qd8 Qe7 35. Qxe7+ Nxe7 36. Bh3 f5 37. exf5 Kf6 38. Kg2 Nxf5 39. Kf2 Ne7 40.
Bd7 Ng6 41. Ke3 Nf4 42. Rg1 Rd8 43. Be6 Re8 44. Ke4 Re7 45. Bc8 Rc7 46. Rg8 Ng6
47. Be6 Rg7 48. Rd8 Rc7 49. Bf5 Ke7 50. Ra8 Nf8 51. Rxa7 Nd7 52. Bxd7 Rxd7 53.
Kf5 h5 54. Ra8 Kf7 55. Rh8 Kg7 56. Ke6 Rf7 57. Rh7+ 1-0

[Event "International Tournament "]
[Site "Pool "]
[Date "2022.07.09"]
[Round "3.56"]
[White "Lu, Miaoyi"]
[Black "Aditya, Varun Gampa"]
[Result "1-0"]
[WhiteElo "2322"]
[BlackElo "1980"]
[PlyCount "75"]
[EventDate "2022.07.08"]

1. e4 c5 2. Nf3 g6 3. d4 cxd4 4. Nxd4 Nc6 5. Nc3 Bg7 6. Be3 Nf6 7. Be2 O-O 8.
Nb3 d6 9. f4 b6 10. g4 Bb7 11. g5 Nd7 12. h4 a5 13. a4 Nb4 14. Bf3 e5 15. f5
gxf5 16. exf5 Bxf3 17. Qxf3 Nxc2+ 18. Kf2 Nxa1 19. Rxa1 e4 20. Qh5 Re8 21. f6
Bf8 22. Nd4 Re5 23. Qg4 Nc5 24. h5 Qc8 25. Qg3 Nd3+ 26. Kg2 Qe8 27. Rf1 Ra7 28.
Nf5 Qe6 29. Nh4 d5 30. Nb5 d4 31. Nxd4 Qa2 32. g6 Qxb2+ 33. Kh1 Rxh5 34. gxh7+
Kxh7 35. Rg1 Nf2+ 36. Bxf2 Rxh4+ 37. Qxh4+ Bh6 38. Rg7+ 1-0

[Event "International Tournament "]
[Site "Pool "]
[Date "2022.07.09"]
[Round "3.57"]
[White "Ufimtsev, Egor"]
[Black "Menezes, Christoph"]
[Result "1/2-1/2"]
[WhiteElo "2137"]
[BlackElo "2417"]
[PlyCount "57"]
[EventDate "2022.07.08"]

1. Nf3 d5 2. d4 Nf6 3. c4 e6 4. g3 Bb4+ 5. Nc3 O-O 6. Bg2 dxc4 7. O-O Nc6 8.
Qa4 Nd5 9. Qc2 Be7 10. Rd1 Bd7 11. e4 Ncb4 12. Qb1 Nxc3 13. bxc3 Nd3 14. Qxb7
Rb8 15. Qa6 Bb5 16. Qa5 c5 17. Qxd8 Rfxd8 18. Ba3 Kf8 19. Bf1 cxd4 20. Bxe7+
Kxe7 21. Bxd3 cxd3 22. Nxd4 Be8 23. Rxd3 Rb2 24. Rdd1 Ba4 25. Rdb1 Rdb8 26. Nb3
Rc2 27. Nd4 Rcb2 28. Nb3 Rc2 29. Nd4 1/2-1/2

[Event "International Tournament "]
[Site "Pool "]
[Date "2022.07.09"]
[Round "3.58"]
[White "Panda, Sambit"]
[Black "Pikula, Dejan"]
[Result "1-0"]
[WhiteElo "2123"]
[BlackElo "2325"]
[PlyCount "41"]
[EventDate "2022.07.08"]

1. d4 d6 2. Nf3 g6 3. c4 Bg7 4. e4 c5 5. d5 Nf6 6. Nc3 O-O 7. h3 e6 8. Bd3 exd5
9. exd5 Re8+ 10. Be3 Bh6 11. O-O Bxe3 12. fxe3 a6 13. Qd2 Nbd7 14. Rf2 Kg7 15.
Raf1 Qe7 16. e4 Ng8 17. Ng5 Ne5 18. Rxf7+ Nxf7 19. Rxf7+ Qxf7 20. Nxf7 Kxf7 21.
Qf4+ 1-0

[Event "International Tournament "]
[Site "Pool "]
[Date "2022.07.09"]
[Round "3.59"]
[White "Aakash Sharadchandra, Dalvi"]
[Black "Stankovic, Boris"]
[Result "1-0"]
[WhiteElo "2110"]
[BlackElo "2286"]
[PlyCount "87"]
[EventDate "2022.07.08"]

1. d4 Nf6 2. Bf4 g6 3. Nc3 d5 4. e3 Bg7 5. h4 h5 6. Nf3 O-O 7. Qd2 c5 8. Ne5
Nc6 9. Be2 Ne4 10. Nxe4 dxe4 11. Nxc6 bxc6 12. c3 Qd5 13. dxc5 Qxc5 14. O-O e5
15. Bg3 Bf6 16. Rfd1 Rd8 17. Qxd8+ Bxd8 18. Rxd8+ Kg7 19. Rad1 Qe7 20. b4 Rb8
21. Ba6 Bg4 22. Rxb8 Bxd1 23. Rb7 Qe6 24. Rxa7 Kf8 25. b5 cxb5 26. Bxb5 f6 27.
a4 Qa2 28. Kh2 Be2 29. Ra8+ Ke7 30. Ra7+ Kd6 31. Rg7 Bxb5 32. axb5 Qb3 33. c4
Qxc4 34. b6 Ke6 35. b7 Qb4 36. Kh3 Qb1 37. Bh2 Kf5 38. Bg3 Qh1+ 39. Bh2 Qd1 40.
Bxe5 Qh1+ 41. Bh2 Qd1 42. f3 g5 43. hxg5 fxg5 44. b8=Q 1-0

[Event "International Tournament "]
[Site "Pool "]
[Date "2022.07.09"]
[Round "3.60"]
[White "Srija, Seshadri"]
[Black "Ahmad, Khagan"]
[Result "1/2-1/2"]
[WhiteElo "2208"]
[BlackElo "2081"]
[PlyCount "112"]
[EventDate "2022.07.08"]

1. e4 c5 2. Nf3 Nc6 3. d4 cxd4 4. Nxd4 Nf6 5. Nc3 e5 6. Ndb5 d6 7. Bg5 a6 8.
Na3 b5 9. Nd5 Be7 10. Bxf6 Bxf6 11. c4 Nd4 12. cxb5 Be6 13. Bc4 axb5 14. Bxb5+
Kf8 15. Bc4 Qa5+ 16. Qd2 Bd8 17. Qxa5 Bxa5+ 18. Kd1 g6 19. Rc1 f5 20. exf5 gxf5
21. Ne3 f4 22. Nec2 Nxc2 23. Rxc2 d5 24. Bb3 Ke7 25. Ke2 Rhg8 26. g3 Raf8 27.
Rc6 Bg4+ 28. Kd3 Bf5+ 29. Ke2 Bg4+ 30. Kd3 fxg3 31. hxg3 Rf3+ 32. Kc2 Rxf2+ 33.
Kb1 Bf5+ 34. Bc2 e4 35. Ra6 Bb4 36. Nb5 Bc5 37. Nc3 Rd8 38. Ra5 d4 39. Rxc5
dxc3 40. Rxc3 Rdd2 41. Kc1 Kf6 42. Re1 e3 43. Bxf5 Kxf5 44. Rexe3 Rxb2 45. Rf3+
Ke4 46. Rxf2 Rxf2 47. Kb1 Kd4 48. Rc7 Rg2 49. Rxh7 Rxg3 50. Kb2 Kc4 51. Rc7+
Kb5 52. Rh7 Rg2+ 53. Kb3 Rg3+ 54. Kb2 Rg2+ 55. Kb3 Rg3+ 56. Kb2 Rg2+ 1/2-1/2

[Event "International Tournament "]
[Site "Pool "]
[Date "2022.07.09"]
[Round "3.61"]
[White "Balabayeva, Xeniya"]
[Black "Bogdanov, Artyom"]
[Result "0-1"]
[WhiteElo "2198"]
[BlackElo "2059"]
[PlyCount "62"]
[EventDate "2022.07.08"]

1. d4 Nf6 2. Bf4 c5 3. e3 Qb6 4. b3 cxd4 5. exd4 d5 6. c3 Nc6 7. Bd3 Bg4 8. Ne2
e6 9. O-O Be7 10. Nd2 O-O 11. b4 Rac8 12. a4 a5 13. b5 Nb8 14. Qb3 Nbd7 15. Ng3
Nh5 16. Nxh5 Bxh5 17. Rac1 Bd6 18. Be3 Qc7 19. f4 Nb6 20. g3 Bg6 21. Be2 Qe7
22. Nf3 Nc4 23. Bf2 Rc7 24. Rfd1 Rfc8 25. Bxc4 Rxc4 26. Be1 Qf6 27. Ra1 Bh5 28.
Kf2 Qf5 29. Qb2 e5 30. dxe5 Bc5+ 31. Kg2 Qe4 0-1

[Event "International Tournament "]
[Site "Pool "]
[Date "2022.07.09"]
[Round "3.62"]
[White "Efremov, Vladislav"]
[Black "Shoshin, Kirill"]
[Result "1/2-1/2"]
[WhiteElo "2185"]
[BlackElo "2055"]
[PlyCount "26"]
[EventDate "2022.07.08"]

1. Nf3 Nf6 2. c4 e6 3. Nc3 d5 4. e3 c5 5. d4 a6 6. a3 dxc4 7. Bxc4 Nbd7 8. dxc5
Bxc5 9. b4 Be7 10. Bb2 b5 11. Be2 Bb7 12. O-O O-O 13. Qb3 Qb6 1/2-1/2

[Event "International Tournament "]
[Site "Pool "]
[Date "2022.07.09"]
[Round "3.63"]
[White "Lever, Erwan"]
[Black "Atanasov, Margarit"]
[Result "1-0"]
[WhiteElo "2178"]
[BlackElo "2043"]
[PlyCount "87"]
[EventDate "2022.07.08"]

1. d4 Nf6 2. c4 e6 3. g3 c5 4. d5 d6 5. Nc3 Be7 6. Bg2 O-O 7. e4 Re8 8. Nf3
exd5 9. cxd5 b5 10. e5 Nfd7 11. O-O Nb6 12. exd6 Bxd6 13. Ng5 h6 14. Nge4 Bf8
15. Nxb5 Ba6 16. a4 N8d7 17. Re1 Ne5 18. Nec3 Bb7 19. f4 a6 20. fxe5 axb5 21.
d6 Bxg2 22. Kxg2 Nc4 23. Nxb5 Rxe5 24. Rxe5 Nxe5 25. Qd5 Nd7 26. Bd2 Nb6 27.
Qxc5 Rc8 28. Qf5 Nc4 29. Rc1 g6 30. Qd5 Nb6 31. Rxc8 Qxc8 32. Qe4 f5 33. Qd4
Qc6+ 34. Kg1 Bg7 35. Qd3 Kh7 36. Bc3 Qc5+ 37. Kg2 Nc4 38. Bxg7 Ne3+ 39. Kf3 Ng4
40. Bd4 Qd5+ 41. Ke2 Qg2+ 42. Kd1 Qd5 43. Kc2 Nxh2 44. Qe2 1-0

[Event "International Tournament "]
[Site "Pool "]
[Date "2022.07.09"]
[Round "3.64"]
[White "Citak, Selim"]
[Black "Farkas, Sandor I"]
[Result "1/2-1/2"]
[WhiteElo "2176"]
[BlackElo "2034"]
[PlyCount "43"]
[EventDate "2022.07.08"]

1. d4 Nf6 2. c4 g6 3. Nc3 Bg7 4. e4 d6 5. Nf3 O-O 6. Be2 Nbd7 7. Bg5 h6 8. Bh4
c5 9. d5 g5 10. Bg3 Nh5 11. Qd2 a6 12. h4 Nxg3 13. fxg3 g4 14. Nh2 Ne5 15. O-O
Bd7 16. Nd1 f6 17. Ne3 h5 18. Nf5 b5 19. cxb5 axb5 20. Rf2 Qe8 21. Nf1 Bxf5 22.
Rxf5 1/2-1/2

[Event "International Tournament "]
[Site "Pool "]
[Date "2022.07.09"]
[Round "3.65"]
[White "Karadzhov, Ivan"]
[Black "Aditya, Chatterjee"]
[Result "1-0"]
[WhiteElo "2167"]
[BlackElo "1848"]
[PlyCount "91"]
[EventDate "2022.07.08"]

1. d4 Nf6 2. c4 e6 3. g3 d5 4. Nf3 Nbd7 5. Bg2 c6 6. Qc2 Ne4 7. O-O Be7 8. Nfd2
Nxd2 9. Nxd2 f5 10. b3 O-O 11. Bb2 Nf6 12. Rae1 b5 13. f3 Bd7 14. e4 Rc8 15. c5
f4 16. Rf2 fxg3 17. hxg3 Nh5 18. Nf1 Rf7 19. f4 g6 20. Bf3 Ng7 21. Ne3 dxe4 22.
Bxe4 Nf5 23. Ng4 Bf8 24. Ne5 Rg7 25. g4 Ne7 26. Rh2 Nd5 27. Qf2 Qf6 28. Bc1 Be8
29. g5 Qd8 30. Ng4 Be7 31. Bd2 a6 32. Bd3 Nc7 33. Be4 Nd5 34. Kg2 Rc7 35. Ba5
Qd7 36. Bxc7 Nxc7 37. Ne5 Qd8 38. Nxc6 Bxc6 39. Bxc6 Rf7 40. Qe3 Qf8 41. Rh4
Bd8 42. Reh1 Nd5 43. Qxe6 Kh8 44. Rxh7+ Kg8 45. Rh8+ Kg7 46. R1h7# 1-0

[Event "International Tournament "]
[Site "Pool "]
[Date "2022.07.09"]
[Round "3.66"]
[White "Georgoulias, Dionisios"]
[Black "Ilamparthi, A R."]
[Result "0-1"]
[WhiteElo "1904"]
[BlackElo "2153"]
[PlyCount "56"]
[EventDate "2022.07.08"]

1. Nf3 Nf6 2. c4 d6 3. d4 g6 4. g3 Bg7 5. Bg2 O-O 6. O-O Nbd7 7. Nc3 e5 8. h3
Re8 9. e4 exd4 10. Nxd4 Nc5 11. Re1 c6 12. Bf4 Nh5 13. Be3 a5 14. Qc2 a4 15.
Rad1 Qb6 16. Kh2 Qb4 17. a3 Qa5 18. f4 Re7 19. g4 Nf6 20. f5 Nfd7 21. Bf4 Ne5
22. Bf1 Nb3 23. Nxb3 Nf3+ 24. Kg2 Nxe1+ 25. Rxe1 axb3 26. Qxb3 gxf5 27. Bd2
fxg4 28. Nd5 Qxd2+ 0-1